000 01405nam a2200241Ia 4500
999 _c39222
_d39222
001 5808
003 GE_BSU
005 20190614145655.0
008 181216s1984||||ge |||||||||||||| ||geo||
040 _cGE_BSU
041 _ageo
080 _a69.01(076) მ-89
245 _aმოცემულობა და მეთოდური მითითებები საკურსო პროექტის შესასრულებლად მშენებლობის ორგანიზაციის დაგეგმვისა და მართვის კურსში /
_cშემდგ. : ა. ჭანტურია, ჟ. კომპანიონი და სხვ. ; რედ. მ. ძიძიგური
264 _aთბილისი :
_bსპი.
_c1984.
300 _a88 გვ.;
_c20 სმ.
504 _aბიბლიოგრ. : გვ.84.
653 _aმშენებლობის ორგანიზაცია
653 _aმშენებლობის ორგანიზაციის დაგეგმვა და მართვა
700 _aჭანტურია, ა.
_eშემდგენელი
_9818
700 _aკომპანიონი , ჟ.
_eშემდგენელი
_92494
700 _aძიძიგური, მ.
_eრედაქტორი
_9472
942 _cBK
_2udc